000
00358cam a2200157ua 4500
041
_a
eng
_h
082
_a
823.301
_b
hug/li
100
_a
Hughes, A G .
245
_a
Lions and Tigers /
_c
A G Hughes.
_h
Textual Documents
260
_a
:
_b
Longman ,
_c
1962.
300
_a
64 ; .
504
_a
942
_c
BK
999
_c
3373
_d
3373